Thinking Machine: Jensen Huang, Nvidia, and the World's Most Coveted Microchip (Record no. 3940)

MARC details
000 -LEADER
fixed length control field 00490nam a22001817a 4500
003 - CONTROL NUMBER IDENTIFIER
control field OSt
005 - DATE AND TIME OF LATEST TRANSACTION
control field 20260216171907.0
008 - FIXED-LENGTH DATA ELEMENTS--GENERAL INFORMATION
fixed length control field 260216b |||||||| |||| 00| 0 eng d
020 ## - INTERNATIONAL STANDARD BOOK NUMBER
International Standard Book Number 9781847928283
082 ## - DEWEY DECIMAL CLASSIFICATION NUMBER
Classification number 006.3
Item number WITT
100 ## - MAIN ENTRY--PERSONAL NAME
Personal name Witt, Stephen
245 ## - TITLE STATEMENT
Title Thinking Machine: Jensen Huang, Nvidia, and the World's Most Coveted Microchip
260 ## - PUBLICATION, DISTRIBUTION, ETC.
Place of publication, distribution, etc. London
Name of publisher, distributor, etc. Penguin Random House
Date of publication, distribution, etc. 2025
300 ## - PHYSICAL DESCRIPTION
Extent 248p
546 ## - LANGUAGE NOTE
Language note English
650 ## - SUBJECT ADDED ENTRY--TOPICAL TERM
Topical term or geographic name entry element Computer Science
942 ## - ADDED ENTRY ELEMENTS (KOHA)
Source of classification or shelving scheme Dewey Decimal Classification
Koha item type Book
Holdings
Withdrawn status Lost status Source of classification or shelving scheme Damaged status Not for loan Collection code Home library Current library Shelving location Date acquired Source of acquisition Cost, normal purchase price Inventory number Total Checkouts Full call number Barcode Date due Date last seen Date last checked out Price effective from Koha item type
    Dewey Decimal Classification     Non-fiction RIC Library RIC Library General Stacks 02/16/2026 M/s Allied Informatics 2162.00 14122/02.02.2026 2 006.3 WITT 003221 04/10/2026 03/27/2026 03/27/2026 02/16/2026 Book

Venue

Rajasthan International Centre
Sansthan Path,JLN Marg, Jaipur- 302017
Phone: +91-7230904025